Elements of public health engineering (Record no. 12152)

000 -LEADER
fixed length control field 00458nam a22001817a 4500
001 - CONTROL NUMBER
control field 12152
003 - CONTROL NUMBER IDENTIFIER
control field BD-DhUET
008 - FIXED-LENGTH DATA ELEMENTS--GENERAL INFORMATION
fixed length control field 150224b xxu||||| |||| 00| 0 eng d
040 ## - CATALOGING SOURCE
Original cataloging agency DLC
Transcribing agency DLC
Modifying agency BD-DhUET
082 ## - DEWEY DECIMAL CLASSIFICATION NUMBER
Classification number 628
Item number DUG/1984
100 ## - MAIN ENTRY--PERSONAL NAME
Personal name Duggal, K. N.
245 ## - TITLE STATEMENT
Title Elements of public health engineering
250 ## - EDITION STATEMENT
Edition statement 3rd ed.
260 ## - PUBLICATION, DISTRIBUTION, ETC. (IMPRINT)
Place of publication, distribution, etc. New Delhi
Name of publisher, distributor, etc. S. Chand
Date of publication, distribution, etc. 1984
300 ## - PHYSICAL DESCRIPTION
Extent 412p.
Other physical details illus.
650 #0 - SUBJECT ADDED ENTRY--TOPICAL TERM
Topical term or geographic name as entry element Public health engineering
942 ## - ADDED ENTRY ELEMENTS (KOHA)
Koha item type General Book
Holdings
Koha normalized classification for sorting Piece designation (barcode) Not for loan Koha item type Source of classification or shelving scheme Sublocation or collection (holding branch) Date acquired Copy number Withdrawn status Koha date last seen Damaged status Lost status Koha full call number Price effective from Shelving location Location (home branch)
624_000000000000000_DUG_199183032 General Book Central Library, BUET2015-02-241 2015-02-24  624/DUG/19912015-02-24Circulation sectionCentral Library, BUET
624_000000000000000_DUG_199158138 General Book Central Library, BUET2015-02-242 2015-02-24  624/DUG/19912015-02-24Circulation sectionCentral Library, BUET
628_000000000000000_DUG_198458134 Reading Item Central Library, BUET2015-06-303 2015-06-30  628/DUG/19842015-06-30Reading sectionCentral Library, BUET